| 000 | 01156cam a22003614a 4500 | ||
|---|---|---|---|
| 001 | 6655 | ||
| 003 | FISKH | ||
| 005 | 20250826104529.0 | ||
| 008 | 050527s2006 mnua j b 001 0 eng | ||
| 010 | _a 2005015618 | ||
| 020 | _a0736858598 (hardcover : alk. paper) | ||
| 020 | _a0736852891 (softcover : alk. paper) | ||
| 020 | _a9780736858595 | ||
| 040 |
_aDLC _cDLC _dDLC _beng |
||
| 050 | _aQA115.E56 | ||
| 082 | _a513 | ||
| 100 | 1 | _aEndres, Hollie J. | |
| 245 | 1 | 0 |
_aHow much money? / _cby Hollie J. Endres. |
| 260 |
_aBloomington : _bYellow Umbrella Books, _c2006. |
||
| 300 |
_a16 pages : _bcolor illustrations ; _c19 cm |
||
| 490 | 0 | _aYellow Umbrella Books for early readers, level B, math | |
| 500 | _aJ | ||
| 504 | _aIncludes bibliographical references and index. | ||
| 505 | _aJ | ||
| 520 | _aProvides an introduction to subtraction by making change with money. | ||
| 521 | 8 |
_a500
_bLexile estimate |
|
| 521 | 8 |
_aJ
_bRaz-Plus |
|
| 650 | 0 |
_aArithmetic _vJuvenile literature. |
|
| 650 | 0 |
_aMoney _vJuvenile literature. |
|
| 906 |
_a7 _bcbc _corignew _d1 _eecip _f20 _gy-gencatlg |
||
| 942 |
_2ddc _cBK _n0 |
||
| 999 |
_c6655 _d6655 |
||